[Event "COL Intercollegiate-chT U18"]
[Site "Palmira"]
[Date "2017.10.21"]
[Round "7.7"]
[White "Cuevas Sanchez, Bramdon Daniel"]
[Black "Ballesteros Lora, Ruber"]
[Result "1/2-1/2"]
[WhiteElo "1721"]
[BlackElo "1816"]
[PlyCount "27"]
[EventDate "2017.10.19"]
[EventType "swiss"]
[EventRounds "12"]
[EventCountry "COL"]
[SourceTitle "CBM 181 Extra"]
[Source "ChessBase"]
[SourceDate "2017.12.12"]
[SourceVersion "1"]
[SourceVersionDate "2017.12.12"]
[SourceQuality "1"]

1. e4 c6 2. d4 d5 3. Nd2 dxe4 4. Nxe4 Bf5 5. Ng3 Bg6 6. Nf3 Nd7 7. Be3 Ngf6 8. Bd3 e6 9. 0-0 Qc7 10. c3 Bd6 11. Qc2 Ng4 12. Rfe1 Bxd3 13. Qxd3 h5 14. Nf1 1/2-1/2

[Event "COL Intercollegiate-chT U18"]
[Site "Palmira"]
[Date "2017.10.20"]
[Round "2.2"]
[White "Torres Cueto, Jesus Marcial"]
[Black "Ballesteros Lora, Ruber"]
[Result "1-0"]
[WhiteElo "2128"]
[BlackElo "1816"]
[PlyCount "70"]
[EventDate "2017.10.19"]
[EventType "swiss"]
[EventRounds "12"]
[EventCountry "COL"]
[SourceTitle "CBM 181 Extra"]
[Source "ChessBase"]
[SourceDate "2017.12.12"]
[SourceVersion "1"]
[SourceVersionDate "2017.12.12"]
[SourceQuality "1"]

1. Nf3 d5 2. g3 Nf6 3. Bg2 c6 4. 0-0 Bg4 5. Ne5 Bh5 6. c4 e6 7. b3 Nbd7 8. Nxd7 Qxd7 9. Bb2 d4 10. d3 Bc5 11. Nd2 Bg4 12. a3 Bb6 13. Re1 h5 14. Qc2 h4 15. Nf3 hxg3 16. fxg3 Bxf3 17. exf3 Bc7 18. b4 Nh5 19. Qf2 Rd8 20. Re4 Nf6 21. Rxd4 Qe7 22. Rxd8+ Qxd8 23. Qd4 0-0 24. Qxd8 Rxd8 25. Rd1 e5 26. Kf2 Bb6+ 27. c5 Bc7 28. Ke2 Kf8 29. d4 exd4 30. Bxd4 Ke7 31. f4 Rh8 32. h3 Rd8 33. b5 cxb5 34. Bxb7 Nh5 35. Kf3 g5 1-0

[Event "COL-chT"]
[Site "Ibague"]
[Date "2017.07.21"]
[Round "6.1"]
[White "Ballesteros Lora, Ruber"]
[Black "Vallejo, Sixto"]
[Result "1-0"]
[WhiteElo "1744"]
[BlackElo "1873"]
[PlyCount "53"]
[EventDate "2017.07.19"]
[EventType "team-swiss"]
[EventRounds "6"]
[EventCountry "COL"]
[SourceTitle "CBM 179 Extra"]
[Source "ChessBase"]
[SourceDate "2017.08.23"]
[SourceVersion "1"]
[SourceVersionDate "2017.08.23"]
[SourceQuality "1"]
[WhiteTeam "Cordoba"]
[BlackTeam "San Andres"]
[WhiteTeamCountry "COL"]
[BlackTeamCountry "COL"]

1. d4 d6 2. Nf3 Nf6 3. c4 Bf5 4. Nc3 h6 5. Qb3 Qc8 6. Bf4 e6 7. g3 Be7 8. Bg2 0-0 9. Nh4 c6 10. Nxf5 exf5 11. 0-0 Na6 12. e4 fxe4 13. Nxe4 Nxe4 14. Bxe4 f5 15. Bg2 Qd7 16. Rfe1 Nc7 17. Qxb7 Rf6 18. Qxc6 Qd8 19. c5 Rc8 20. Rxe7 Qxe7 21. cxd6 Qf8 22. Rc1 Kh8 23. dxc7 Rf7 24. Qb7 Kh7 25. Qxc8 Qxc8 26. Bb7 Qxb7 27. c8Q 1-0

[Event "COL-chT"]
[Site "Ibague"]
[Date "2017.07.21"]
[Round "5.1"]
[White "Cardozo, Stid Jafhar"]
[Black "Ballesteros Lora, Ruber"]
[Result "0-1"]
[WhiteElo "1928"]
[BlackElo "1744"]
[PlyCount "33"]
[EventDate "2017.07.19"]
[EventType "team-swiss"]
[EventRounds "6"]
[EventCountry "COL"]
[SourceTitle "CBM 179 Extra"]
[Source "ChessBase"]
[SourceDate "2017.08.23"]
[SourceVersion "1"]
[SourceVersionDate "2017.08.23"]
[SourceQuality "1"]
[WhiteTeam "Tolima II"]
[BlackTeam "Cordoba"]
[WhiteTeamCountry "COL"]
[BlackTeamCountry "COL"]

1. e4 c6 2. d4 d5 3. Nc3 g6 4. Nf3 Bg7 5. Be2 Bg4 6. exd5 cxd5 7. 0-0 Nc6 8. Be3 e6 9. Qd2 Nge7 10. h3 Bxf3 11. Bxf3 Nf5 12. Ne2 Qb6 13. g4 Nh4 14. Bh1 h5 15. c4 hxg4 16. hxg4 f5 17. g5 0-1

[Event "Monteria U17"]
[Site "Monteria"]
[Date "2016.12.11"]
[Round "6.3"]
[White "Ballesteros Lora, Ruber"]
[Black "Ribero, Guillermo Andres"]
[Result "0-1"]
[WhiteElo "1697"]
[BlackElo "1895"]
[PlyCount "104"]
[EventDate "2016.12.07"]
[EventType "swiss"]
[EventRounds "6"]
[EventCountry "COL"]
[SourceTitle "EXT 2024"]
[Source "ChessBase"]
[SourceDate "2023.10.10"]
[SourceVersion "1"]
[SourceVersionDate "2023.10.10"]
[SourceQuality "1"]

1. d4 Nf6 2. Bf4 d5 3. e3 c5 4. c3 Nc6 5. Nf3 Qb6 6. Na3 a6 7. Qb3 Qxb3 8. axb3 cxd4 9. exd4 Bf5 10. Nh4 Be4 11. f3 Bg6 12. Nxg6 hxg6 13. h3 e6 14. Nc2 Kd7 15. Kf2 Nh5 16. Bh2 g5 17. Ne1 Nf4 18. Nd3 Bd6 19. g3 Nxd3+ 20. Bxd3 Rxh3 21. Bf1 Rh6 22. Bb5 Rah8 23. Bxc6+ Kxc6 24. Kg2 Rh3 25. c4 Bc7 26. Rac1 Bb6 27. Rcd1 Ba7 28. g4 b5 29. c5 b4 30. Ra1 Kb5 31. Ra5+ Kxa5 32. Bc7+ Kb5 33. Rxh3 Rxh3 34. Kxh3 f6 35. f4 gxf4 36. Bxf4 e5 37. dxe5 Bxc5 38. e6 Kc6 39. Kg2 Bd4 40. Kf3 Bxb2 41. Ke2 Be5 42. Bd2 a5 43. Be3 d4 44. Bd2 Kd6 45. Kd3 Kxe6 46. Kc4 f5 47. gxf5+ Kxf5 48. Kb5 Bc7 49. Kc6 Bd8 50. Kd5 Bf6 51. Be1 Be5 52. Kc4 Ke4 0-1

[Event "COL-ch Superate fin-B"]
[Site "Bogota"]
[Date "2016.11.17"]
[Round "2.2"]
[White "Acosta Cubides, Jorian Jared"]
[Black "Ballesteros Lora, Ruber"]
[Result "1-0"]
[WhiteElo "1966"]
[BlackElo "1749"]
[PlyCount "56"]
[EventDate "2016.11.17"]
[EventType "swiss (rapid)"]
[EventRounds "5"]
[EventCountry "COL"]
[SourceTitle "EXT 2024"]
[Source "ChessBase"]
[SourceDate "2023.10.10"]
[SourceVersion "1"]
[SourceVersionDate "2023.10.10"]
[SourceQuality "1"]

1. e4 c6 2. d4 d5 3. Nc3 dxe4 4. Nxe4 Bf5 5. Ng3 Bg6 6. Nf3 Nd7 7. h4 h6 8. h5 Bh7 9. Bd3 Bxd3 10. Qxd3 Ngf6 11. Bf4 Qa5+ 12. Bd2 Qc7 13. 0-0-0 0-0-0 14. Ne4 e6 15. g3 Nxe4 16. Qxe4 Nf6 17. Qe2 Bd6 18. c4 Qe7 19. Ne5 Bxe5 20. Qxe5 Qd6 21. Rh4 Qxe5 22. dxe5 Nd7 23. Bc3 Nc5 24. Rdd4 Nd3+ 25. Kc2 Ne1+ 26. Bxe1 c5 27. Rxd8+ Rxd8 28. Rg4 Kc7 1-0

[Event "COL-ch Superate fin-B"]
[Site "Bogota"]
[Date "2016.11.16"]
[Round "4.1"]
[White "Acosta Cubides, Jorian Jared"]
[Black "Ballesteros Lora, Ruber"]
[Result "1/2-1/2"]
[WhiteElo "2058"]
[BlackElo "1697"]
[PlyCount "70"]
[EventDate "2016.11.15"]
[EventType "swiss"]
[EventRounds "5"]
[EventCountry "COL"]
[SourceTitle "EXT 2024"]
[Source "ChessBase"]
[SourceDate "2023.10.10"]
[SourceVersion "1"]
[SourceVersionDate "2023.10.10"]
[SourceQuality "1"]

1. e4 c6 2. d4 d5 3. Nc3 dxe4 4. Nxe4 Bf5 5. Ng3 Bg6 6. h4 h6 7. Nf3 Nd7 8. h5 Bh7 9. Bd3 Bxd3 10. Qxd3 Qc7 11. Bd2 Ngf6 12. 0-0-0 e6 13. Ne4 Nxe4 14. Qxe4 0-0-0 15. Kb1 Bd6 16. c4 Nf6 17. Qe2 Qe7 18. Ne5 Bxe5 19. dxe5 Nd7 20. f4 c5 21. Ba5 b6 22. Bc3 Nb8 23. Qg4 Rxd1+ 24. Rxd1 Rd8 25. Rxd8+ Qxd8 26. Kc2 Qg8 27. Qf3 Qe8 28. f5 exf5 29. Qxf5+ Qe6 30. Qxe6+ fxe6 31. Kd3 Kd7 32. b4 Nc6 33. bxc5 bxc5 34. Ke4 a6 35. g4 Nd8 1/2-1/2

[Event "COL-ch U16"]
[Site "Bogota"]
[Date "2016.06.19"]
[Round "9"]
[White "Ballesteros Lora, Ruber"]
[Black "Martinez, Cristian Camilo"]
[Result "0-1"]
[WhiteElo "1740"]
[BlackElo "1896"]
[PlyCount "120"]
[EventDate "2016.06.14"]
[EventType "tourn"]
[EventRounds "9"]
[EventCountry "COL"]
[SourceTitle "EXT 2018"]
[Source "ChessBase"]
[SourceDate "2017.10.13"]
[SourceVersion "1"]
[SourceVersionDate "2017.10.13"]
[SourceQuality "1"]

1. d4 d5 2. Bf4 c5 3. c3 Nc6 4. Nf3 Nf6 5. Nbd2 e6 6. e3 Bd6 7. Bg3 h6 8. Bd3 0-0 9. Ne5 c4 10. Bc2 Qc7 11. Ndf3 Nd7 12. Nxd7 Bxd7 13. Nd2 b5 14. a3 a5 15. e4 f5 16. Bxd6 Qxd6 17. e5 Qe7 18. f4 b4 19. Ba4 bxc3 20. bxc3 Na7 21. Bxd7 Qxd7 22. a4 Rab8 23. Qc2 Rb6 24. 0-0 Rfb8 25. Rfb1 Rxb1+ 26. Rxb1 Rxb1+ 27. Nxb1 Qb7 28. Nd2 Nc8 29. Kf2 Qc6 30. g4 Ne7 31. h3 Qe8 32. Nb1 Qf7 33. Kg3 g5 34. Qc1 Ng6 35. fxg5 f4+ 36. Kf2 hxg5 37. Na3 Qh7 38. Qh1 Qh4+ 39. Ke2 Qg3 40. Qf3 Qh2+ 41. Qf2 Qxh3 42. Qf3 Qh2+ 43. Qf2 Qh1 44. Qf1 Qe4+ 45. Kd2 f3 46. Nc2 Qxg4 47. Ne3 Qf4 48. Qh3 Nf8 49. Qg4 Qxg4 50. Nxg4 Nd7 51. Nh2 Kg7 52. Nxf3 Kg6 53. Nh2 Nb6 54. Ng4 Nxa4 55. Nf6 Nb6 56. Ne8 a4 57. Nc7 a3 58. Kc2 Na4 59. Kb1 Nxc3+ 60. Ka1 Kf5 0-1

[Event "COL-ch U16"]
[Site "Bogota"]
[Date "2016.06.14"]
[Round "1"]
[White "Calderon Zuta, Nicolas"]
[Black "Ballesteros Lora, Ruber"]
[Result "1/2-1/2"]
[WhiteElo "1801"]
[BlackElo "1740"]
[PlyCount "118"]
[EventDate "2016.06.14"]
[EventType "tourn"]
[EventRounds "9"]
[EventCountry "COL"]
[SourceTitle "EXT 2018"]
[Source "ChessBase"]
[SourceDate "2017.10.13"]
[SourceVersion "1"]
[SourceVersionDate "2017.10.13"]
[SourceQuality "1"]

1. e4 c6 2. d4 d5 3. exd5 cxd5 4. Bd3 Nc6 5. c3 Qc7 6. Ne2 Bg4 7. f3 Bh5 8. Bf4 Qd7 9. Nd2 Nf6 10. Qb3 e6 11. 0-0 Bg6 12. Bb5 Bd6 13. Rfe1 a6 14. Qa4 0-0 15. Bxc6 bxc6 16. Be5 Bxe5 17. dxe5 Ne8 18. Nd4 Rc8 19. Qxa6 c5 20. N4b3 c4 21. Nd4 Nc7 22. Qc6 Qxc6 23. Nxc6 Rfe8 24. Nd4 Na6 25. Re3 Nc5 26. b4 Na4 27. f4 Bd3 28. Nb1 Rb8 29. a3 Rb6 30. Kf2 f6 31. Nf3 Be4 32. Nbd2 Bd3 33. Rc1 Ra8 34. Ne1 Nb2 35. Ra1 Bf5 36. Ndf3 Nd3+ 37. Nxd3 Bxd3 38. a4 fxe5 39. Nxe5 d4 40. cxd4 Rxb4 41. Nxd3 cxd3 42. Rxd3 Raxa4 43. Rxa4 Rxa4 44. Kf3 Kf7 45. g4 Kf6 46. Ke4 Ra5 47. h3 Ra1 48. Re3 h6 49. Rf3 g6 50. Ke3 Ra3+ 51. Kf2 Ra2+ 52. Kg3 Rd2 53. h4 h5 54. gxh5 gxh5 55. Re3 Rxd4 56. Re5 Rd3+ 57. Kg2 Rd5 58. Rg5 Rf5 59. Kf3 e5 1/2-1/2

[Event "COL-ch sf2 U16"]
[Site "Cartagena"]
[Date "2016.04.29"]
[Round "2.4"]
[White "Iriarte Espeleta, Sebastian"]
[Black "Ballesteros Lora, Ruber"]
[Result "0-1"]
[WhiteElo "1541"]
[BlackElo "1698"]
[PlyCount "61"]
[EventDate "2016.04.28"]
[EventType "swiss"]
[EventRounds "6"]
[EventCountry "COL"]
[SourceTitle "EXT 2024"]
[Source "ChessBase"]
[SourceDate "2023.10.10"]
[SourceVersion "1"]
[SourceVersionDate "2023.10.10"]
[SourceQuality "1"]

1. e4 c6 2. d4 d5 3. e5 Bf5 4. Nf3 e6 5. c3 Nd7 6. Be2 Qb6 7. 0-0 c5 8. Na3 cxd4 9. cxd4 Bxa3 10. bxa3 Ne7 11. Qb3 Nc6 12. Bb2 0-0 13. Rac1 Rac8 14. a4 Be4 15. Rfe1 Bxf3 16. Bxf3 Na5 17. Qxb6 Nxb6 18. Ba3 Rxc1 19. Rxc1 Rc8 20. Rxc8+ Nxc8 21. Be2 Nb6 22. Kf1 Nxa4 23. Bd1 Nc4 24. Bxa4 Nxa3 25. Ke2 b5 26. Bb3 Kf8 27. Kd3 a5 28. Kc3 Ke7 29. Bd1 Kd7 30. Bc2 Nxc2 31. Kxc2 0-1

[Event "COL-ch U16 m sf1"]
[Site "Ibague"]
[Date "2016.04.16"]
[Round "5.6"]
[White "Ballesteros Lora, Ruber"]
[Black "Leon, Gustavo"]
[Result "1/2-1/2"]
[WhiteElo "1698"]
[BlackElo "1810"]
[PlyCount "31"]
[EventDate "2016.04.14"]
[EventType "swiss"]
[EventRounds "6"]
[EventCountry "COL"]
[SourceTitle "EXT 2024"]
[Source "ChessBase"]
[SourceDate "2023.10.10"]
[SourceVersion "1"]
[SourceVersionDate "2023.10.10"]
[SourceQuality "1"]

1. e4 e6 2. d4 d5 3. exd5 Qxd5 4. Nc3 Qd8 5. Be3 Nf6 6. Bd3 Be7 7. Nf3 Bd7 8. Ne2 Bc6 9. Ng3 Nbd7 10. c3 b6 11. Qc2 h6 12. Ne4 Bb7 13. h3 Qc8 14. b4 c5 15. bxc5 bxc5 16. Ne5 1/2-1/2

[Event "COL-ch Superate A"]
[Site "Colombia"]
[Date "2015.10.19"]
[Round "6.1"]
[White "Ballesteros Lora, Ruber"]
[Black "Corredor Castellanos, Camilo"]
[Result "1/2-1/2"]
[WhiteElo "1735"]
[BlackElo "2001"]
[PlyCount "52"]
[EventDate "2015.10.19"]
[EventType "swiss (rapid)"]
[EventRounds "6"]
[EventCountry "COL"]
[SourceTitle "EXT 2024"]
[Source "ChessBase"]
[SourceDate "2023.10.10"]
[SourceVersion "1"]
[SourceVersionDate "2023.10.10"]
[SourceQuality "1"]

1. c4 c5 2. Nc3 g6 3. d3 Bg7 4. g3 Nc6 5. Bg2 e6 6. Nf3 Nge7 7. e4 e5 8. Be3 d6 9. 0-0 0-0 10. Qd2 a6 11. a3 Rb8 12. Rab1 a5 13. a4 Bd7 14. b3 f6 15. Bh6 Be6 16. Bxg7 Kxg7 17. Ne1 Nd4 18. Nc2 Nec6 19. Ne2 Nxe2+ 20. Qxe2 Qd7 21. Qd2 Qe7 22. f3 Qd7 23. Na3 Bh3 24. g4 Bxg2 25. Kxg2 g5 26. h3 h6 1/2-1/2

[Event "COL-ch Superate A"]
[Site "Colombia"]
[Date "2015.10.19"]
[Round "4.4"]
[White "Barliza Hernandez, Alejandro Seg"]
[Black "Ballesteros Lora, Ruber"]
[Result "0-1"]
[WhiteElo "1522"]
[BlackElo "1735"]
[PlyCount "84"]
[EventDate "2015.10.19"]
[EventType "swiss (rapid)"]
[EventRounds "6"]
[EventCountry "COL"]
[SourceTitle "EXT 2024"]
[Source "ChessBase"]
[SourceDate "2023.10.10"]
[SourceVersion "1"]
[SourceVersionDate "2023.10.10"]
[SourceQuality "1"]

1. e4 c6 2. Nf3 d5 3. exd5 cxd5 4. d4 Bf5 5. Nc3 e6 6. Bb5+ Nc6 7. Ne5 Nge7 8. Nxc6 Nxc6 9. 0-0 Qc7 10. Qf3 a6 11. Bxc6+ Qxc6 12. Re1 Be7 13. Qg3 0-0 14. h4 Bd6 15. Qf3 Bb4 16. Qg3 Bxc3 17. bxc3 h5 18. Bh6 Bg6 19. Bd2 Bxc2 20. Qe5 Bg6 21. Re3 Rad8 22. Rg3 Qd6 23. Qxd6 Rxd6 24. c4 dxc4 25. Bb4 Rxd4 26. Bxf8 Kxf8 27. Rc3 b5 28. a3 Ke7 29. f3 Kd6 30. Rac1 Rd3 31. Rxd3+ Bxd3 32. Kf2 Kc5 33. Ke3 e5 34. g4 g6 35. g5 a5 36. Ra1 b4 37. axb4+ Kxb4 38. f4 exf4+ 39. Kxf4 a4 40. Ke5 a3 41. Kf6 Kb3 42. Kxf7 a2 0-1

[Event "COL-ch Superate A"]
[Site "Colombia"]
[Date "2015.10.18"]
[Round "3.3"]
[White "Ballesteros Lora, Ruber"]
[Black "Carvajal Barreto, Johan Sebastian"]
[Result "1/2-1/2"]
[WhiteElo "1735"]
[BlackElo "1589"]
[PlyCount "156"]
[EventDate "2015.10.18"]
[EventType "swiss (blitz)"]
[EventRounds "12"]
[EventCountry "COL"]
[SourceTitle "EXT 2024"]
[Source "ChessBase"]
[SourceDate "2023.10.10"]
[SourceVersion "1"]
[SourceVersionDate "2023.10.10"]
[SourceQuality "1"]

1. e4 d6 2. Nf3 c5 3. Bc4 h6 4. d4 cxd4 5. Nxd4 a6 6. Nc3 e5 7. Nf3 Nf6 8. Be3 Nc6 9. a3 Be7 10. h3 Rb8 11. Qd2 Bd7 12. 0-0 0-0 13. Rfe1 b5 14. Bd5 Nxd5 15. Nxd5 Be6 16. Nxe7+ Qxe7 17. b4 Rfd8 18. Red1 Rd7 19. Kh2 d5 20. exd5 Rxd5 21. Qe2 Rxd1 22. Rxd1 f6 23. Bc5 Qf7 24. Rd6 Rc8 25. Qd2 Kh7 26. Qd3+ Kh8 27. Nh4 Ne7 28. Rxa6 Nd5 29. Ra7 Rc7 30. Ng6+ Kg8 31. Ra8+ Rc8 32. Rxc8+ Bxc8 33. Qxd5 Qxd5 34. Ne7+ Kf7 35. Nxd5 Ke6 36. Nc3 Ba6 37. a4 bxa4 38. Nxa4 Bb5 39. Nb2 g5 40. c4 Bc6 41. b5 Bb7 42. Be3 f5 43. f3 f4 44. Bf2 Kd6 45. c5+ Kc7 46. c6 Bxc6 47. bxc6 Kxc6 48. Nd3 Kd6 49. Ba7 Ke6 50. Bb8 h5 51. Nxe5 h4 52. Nd3 Kf5 53. Kg1 Ke6 54. Kf2 Kf5 55. Ke2 Ke6 56. Nxf4+ gxf4 57. Bxf4 Kf5 58. Bb8 Kg5 59. Bc7 Kf5 60. Bd8 Kg6 61. Bxh4 Kh5 62. Bg3 Kg6 63. Ke3 Kf5 64. f4 Kg6 65. Ke4 Kf6 66. f5 Kf7 67. Ke5 Ke7 68. Bh4+ Kf7 69. g4 Kf8 70. Kf6 Kg8 71. Ke7 Kg7 72. f6+ Kh6 73. f7 Kg6 74. f8Q Kh7 75. Qf7+ Kh6 76. Qf8+ Kh7 77. Qf7+ Kh6 78. Qf8+ Kh7 1/2-1/2

[Event "COL-ch Superate A"]
[Site "Colombia"]
[Date "2015.10.18"]
[Round "7.7"]
[White "Castano Orrego, Simon"]
[Black "Ballesteros Lora, Ruber"]
[Result "1-0"]
[WhiteElo "1533"]
[BlackElo "1735"]
[PlyCount "141"]
[EventDate "2015.10.18"]
[EventType "swiss (blitz)"]
[EventRounds "12"]
[EventCountry "COL"]
[SourceTitle "EXT 2024"]
[Source "ChessBase"]
[SourceDate "2023.10.10"]
[SourceVersion "1"]
[SourceVersionDate "2023.10.10"]
[SourceQuality "1"]

1. e4 c6 2. d4 d5 3. Nc3 dxe4 4. Nxe4 Bf5 5. Ng3 Bg6 6. h4 h6 7. h5 Bh7 8. c4 Nd7 9. Bd3 Bxd3 10. Qxd3 e6 11. Nf3 Qc7 12. Bd2 Bd6 13. Ne4 Be7 14. 0-0-0 Ngf6 15. Rhe1 a6 16. Nxf6+ Bxf6 17. Bc3 0-0-0 18. Qc2 Nb8 19. Ne5 Bxe5 20. dxe5 Rxd1+ 21. Rxd1 Rd8 22. Rxd8+ Qxd8 23. Qe2 Qg5+ 24. Kb1 Qxg2 25. Bb4 Qg1+ 26. Kc2 Qg5 27. Bd6 Qf5+ 28. Kc1 Nd7 29. c5 Qf4+ 30. Kb1 Qd4 31. Qf3 Nxe5 32. Bxe5 Qxe5 33. Qxf7 Qf5+ 34. Qxf5 exf5 35. Kc2 Kd7 36. Kd3 Ke6 37. Ke3 Kf6 38. Kf4 g5+ 39. hxg6 Kxg6 40. Kg3 Kg5 41. Kh3 f4 42. f3 h5 43. a3 a5 44. b3 Kf5 45. Kh4 Kg6 46. b4 axb4 47. axb4 Kh6 48. Kh3 Kg5 49. Kg2 h4 50. Kh3 Kh5 51. Kg2 Kg5 52. Kh3 Kf5 53. Kxh4 Ke5 54. Kg4 Kd4 55. Kxf4 Kc4 56. Ke5 Kxb4 57. f4 Kxc5 58. f5 b5 59. f6 b4 60. f7 b3 61. f8Q+ Kc4 62. Qf7+ Kc3 63. Qf3+ Kc2 64. Qe2+ Kc3 65. Qe3+ Kc2 66. Qe4+ Kc3 67. Qxc6+ Kd2 68. Qd5+ Kc2 69. Qc4+ Kb2 70. Kd4 Ka2 71. Qe2+ 1-0

[Event "Bogota Superate Cat A Avanzado"]
[Site "Bogota"]
[Date "2015.10.16"]
[Round "1.5"]
[White "Ballesteros Lora, Ruber"]
[Black "Castano Orrego, Simon"]
[Result "1-0"]
[WhiteElo "1735"]
[BlackElo "1533"]
[PlyCount "77"]
[EventDate "2015.10.16"]
[EventType "swiss"]
[EventRounds "5"]
[EventCountry "COL"]
[SourceTitle "EXT 2024"]
[Source "ChessBase"]
[SourceDate "2023.10.10"]
[SourceVersion "1"]
[SourceVersionDate "2023.10.10"]
[SourceQuality "1"]

1. e4 c5 2. Nf3 d6 3. d4 cxd4 4. Nxd4 Nf6 5. Nc3 a6 6. Bg5 Nbd7 7. a3 Qc7 8. Qe2 e6 9. Qc4 Qxc4 10. Bxc4 Ne5 11. Bd3 Be7 12. f4 Nc6 13. Nf3 Nd7 14. Bxe7 Nxe7 15. b4 0-0 16. Kf2 b6 17. Rhe1 Bb7 18. g4 d5 19. exd5 Nxd5 20. Nxd5 Bxd5 21. h4 Nf6 22. Kg3 h5 23. g5 Ng4 24. Ne5 Nxe5 25. Rxe5 g6 26. c4 Bb7 27. c5 b5 28. Be4 Bxe4 29. Rxe4 a5 30. Rd1 axb4 31. axb4 Ra6 32. Red4 Kg7 33. R1d3 Rc6 34. Rd6 Rfc8 35. Rxc6 Rxc6 36. Ra3 Rc8 37. Ra6 Rb8 38. Rb6 Ra8 39. Rxb5 1-0